[Event "Landesliga Sued 0506"]
[Site "Bayern"]
[Date "2005.11.13"]
[Round "2.7"]
[White "Schwarzmeier, Klaus"]
[Black "Shekhter, Dmitriy"]
[Result "1/2-1/2"]
[WhiteElo "2109"]
[BlackElo "2069"]
[PlyCount "77"]
[EventDate "2005.10.23"]
[EventType "team-tourn"]
[EventRounds "9"]
[EventCountry "GER"]
[SourceTitle "EXT 2007"]
[Source "ChessBase"]
[SourceDate "2006.11.23"]
[SourceVersion "1"]
[SourceVersionDate "2006.11.23"]
[SourceQuality "1"]
[WhiteTeam "Rottal Inn"]
[BlackTeam "Kriegshaber SK"]
[WhiteTeamCountry "GER"]
[BlackTeamCountry "GER"]

1. c4 e6 2. Nf3 d5 3. g3 Nf6 4. Bg2 Be7 5. 0-0 0-0 6. b3 c6 7. Bb2 Nbd7 8. d3 b5 9. Nbd2 Bb7 10. Rc1 a5 11. cxb5 cxb5 12. Rc2 Qb6 13. Bd4 Qd6 14. Qa1 Rfc8 15. Rfc1 Rxc2 16. Rxc2 a4 17. bxa4 bxa4 18. Ne5 Ne8 19. Nxd7 Qxd7 20. Qc1 Rc8 21. Rxc8 Qxc8 22. Qxc8 Bxc8 23. Kf1 Nc7 24. Nb1 Bd6 25. Ke1 e5 26. Bb6 Be6 27. Kd1 d4 28. Bxc7 Bxc7 29. a3 Ba5 30. Nd2 Bxd2 31. Kxd2 Bd7 32. f4 f6 33. fxe5 fxe5 34. Bd5+ Kf8 35. e3 Ke7 36. exd4 exd4 37. Ke2 Kd6 38. Be4 h6 39. Kf3 1/2-1/2

[Event "Landesliga Sued 0405"]
[Site "Bayern"]
[Date "2005.02.13"]
[Round "7.3"]
[White "Joerg, Harald"]
[Black "Shekhter, Dmitriy"]
[Result "1-0"]
[WhiteElo "2189"]
[BlackElo "2104"]
[PlyCount "47"]
[EventDate "2004.10.24"]
[EventType "team-tourn"]
[EventRounds "9"]
[EventCountry "GER"]
[SourceTitle "EXT 2007"]
[Source "ChessBase"]
[SourceDate "2006.11.23"]
[SourceVersion "1"]
[SourceVersionDate "2006.11.23"]
[SourceQuality "1"]
[WhiteTeam "Muenchen Siemens"]
[BlackTeam "Kriegshaber SK"]
[WhiteTeamCountry "GER"]
[BlackTeamCountry "GER"]

1. e4 c5 2. f4 Nc6 3. Nf3 g6 4. Bb5 Bg7 5. 0-0 Nf6 6. Bxc6 dxc6 7. d3 0-0 8. Nc3 b6 9. Qe1 Nd7 10. Qg3 a5 11. a4 Ba6 12. f5 b5 13. axb5 cxb5 14. Nd5 Nb6 15. Nc7 Ra7 16. Bf4 a4 17. fxg6 hxg6 18. Ng5 Bh6 19. Nge6 Bxf4 20. Rxf4 Qd6 21. Rxf7 Rxf7 22. Qxg6+ Kh8 23. Qxf7 Qe5 24. Rf1 1-0

[Event "Landesliga Sued 0405"]
[Site "Bayern"]
[Date "2005.01.30"]
[Round "6.3"]
[White "Shekhter, Dmitriy"]
[Black "Rolle, Eric"]
[Result "0-1"]
[WhiteElo "2104"]
[BlackElo "2087"]
[PlyCount "112"]
[EventDate "2004.10.24"]
[EventType "team-tourn"]
[EventRounds "9"]
[EventCountry "GER"]
[SourceTitle "EXT 2007"]
[Source "ChessBase"]
[SourceDate "2006.11.23"]
[SourceVersion "1"]
[SourceVersionDate "2006.11.23"]
[SourceQuality "1"]
[WhiteTeam "Kriegshaber SK"]
[BlackTeam "Klosterlechfeld"]
[WhiteTeamCountry "GER"]
[BlackTeamCountry "GER"]

1. e4 c5 2. Nf3 Nc6 3. d4 cxd4 4. Nxd4 g6 5. Nc3 Bg7 6. Be3 Nf6 7. Bc4 0-0 8. Bb3 Qa5 9. f3 e6 10. Qd2 d5 11. 0-0-0 Nxd4 12. Bxd4 dxe4 13. Nxe4 Qxd2+ 14. Nxd2 b6 15. Nc4 Ba6 16. Ne5 Bb7 17. Rhe1 Rfd8 18. c4 Nh5 19. Kc2 Bf8 20. Ng4 Be7 21. Be3 Ng7 22. Rxd8+ Rxd8 23. Rd1 Rxd1 24. Kxd1 h5 25. Ne5 Nf5 26. Ke2 Bd6 27. Nd3 Nxe3 28. Kxe3 Bxh2 29. Kf2 Bd6 30. Bc2 a5 31. a3 Ba6 32. Bb3 Kg7 33. Ke3 e5 34. Ba2 f5 35. b4 f4+ 36. Kd2 axb4 37. axb4 Kf6 38. c5 bxc5 39. bxc5 Bc7 40. Nf2 Ba5+ 41. Kc2 Bf1 42. Ne4+ Ke7 43. Ng5 Bxg2 44. Kd3 h4 45. Be6 Kf6 46. Bh3 Bxh3 47. Nxh3 Kf5 48. c6 e4+ 49. fxe4+ Kg4 50. Nf2+ Kf3 51. e5 Kxf2 52. e6 h3 53. e7 h2 54. e8Q h1Q 55. Qe5 Qd1+ 56. Ke4 Qf3+ 0-1

[Event "Landesliga Sued 0405"]
[Site "Bayern"]
[Date "2005.01.16"]
[Round "1.3"]
[White "Zach, Andreas"]
[Black "Shekhter, Dmitriy"]
[Result "1-0"]
[WhiteElo "2265"]
[BlackElo "2104"]
[PlyCount "75"]
[EventDate "2004.10.24"]
[EventType "team-tourn"]
[EventRounds "9"]
[EventCountry "GER"]
[SourceTitle "EXT 2007"]
[Source "ChessBase"]
[SourceDate "2006.11.23"]
[SourceVersion "1"]
[SourceVersionDate "2006.11.23"]
[SourceQuality "1"]
[WhiteTeam "Groebenzell"]
[BlackTeam "Kriegshaber SK"]
[WhiteTeamCountry "GER"]
[BlackTeamCountry "GER"]

1. d4 d5 2. Nc3 Nf6 3. Bg5 e6 4. Nf3 Be7 5. Bxf6 Bxf6 6. e4 dxe4 7. Nxe4 0-0 8. h4 Nd7 9. Bd3 c5 10. Nfg5 h6 11. Nh7 Kxh7 12. Nxf6+ Kh8 13. Nh5 Nf6 14. dxc5 Nxh5 15. Qxh5 Qa5+ 16. Kf1 Qb4 17. Qe5 Bd7 18. a3 Qd2 19. Qe4 f5 20. Qxb7 Ba4 21. Qb4 Qxb4 22. axb4 Bc6 23. Ra6 Rfc8 24. Ke1 Rab8 25. c3 Rb7 26. f3 Rd7 27. Rxc6 Rxc6 28. Bb5 Rcc7 29. Bxd7 Rxd7 30. Ke2 Kg8 31. Rd1 Rc7 32. Kd3 Kf7 33. Kc4 e5 34. Rd5 Ke6 35. Rd6+ Kf7 36. c6 Ke8 37. Kd5 Ke7 38. Re6+ 1-0

[Event "Landesliga Sued 0405"]
[Site "Bayern"]
[Date "2004.11.28"]
[Round "3.3"]
[White "Zellner, Richard"]
[Black "Shekhter, Dmitriy"]
[Result "1-0"]
[WhiteElo "2153"]
[BlackElo "2104"]
[PlyCount "91"]
[EventDate "2004.10.24"]
[EventType "team-tourn"]
[EventRounds "9"]
[EventCountry "GER"]
[SourceTitle "EXT 2007"]
[Source "ChessBase"]
[SourceDate "2006.11.23"]
[SourceVersion "1"]
[SourceVersionDate "2006.11.23"]
[SourceQuality "1"]
[WhiteTeam "Muenchen Schwabing/Nord"]
[BlackTeam "Kriegshaber SK"]
[WhiteTeamCountry "GER"]
[BlackTeamCountry "GER"]

1. Nf3 d5 2. d4 Nf6 3. c4 e6 4. Nc3 Be7 5. Bg5 h6 6. Bxf6 Bxf6 7. e3 0-0 8. Qc2 c6 9. Rc1 Nd7 10. a3 Re8 11. Be2 dxc4 12. Bxc4 e5 13. Qg6 Qe7 14. Ne4 exd4 15. Nd6 Qxd6 16. Qxf7+ Kh8 17. Qxe8+ Nf8 18. exd4 Rb8 19. Ne5 Bxe5 20. dxe5 Bg4 21. 0-0 Rxe8 22. exd6 Rd8 23. f3 Be6 24. Rfd1 Kg8 25. Kf2 Kf7 26. Ke3 Nd7 27. Rd4 Bxc4 28. Rcxc4 Nb6 29. Rc5 Ke6 30. Ra5 a6 31. Rb4 Nd5+ 32. Rxd5 cxd5 33. Rxb7 Rxd6 34. Rxg7 Kf6 35. Rc7 Ke5 36. Kd3 Rb6 37. b4 Kd6 38. Rc5 Ke5 39. g3 Re6 40. Rc2 Kd6 41. Re2 Rf6 42. f4 Rf7 43. Re5 Rc7 44. Rh5 Kc6 45. Kd4 Rd7 46. Rxh6+ 1-0

[Event "Landesliga Sued 0405"]
[Site "Bayern"]
[Date "2004.10.24"]
[Round "1.3"]
[White "Geberl, Hans Walter"]
[Black "Shekhter, Dmitriy"]
[Result "1-0"]
[WhiteElo "2224"]
[BlackElo "2104"]
[PlyCount "77"]
[EventDate "2004.10.24"]
[EventType "team-tourn"]
[EventRounds "9"]
[EventCountry "GER"]
[SourceTitle "EXT 2007"]
[Source "ChessBase"]
[SourceDate "2006.11.23"]
[SourceVersion "1"]
[SourceVersionDate "2006.11.23"]
[SourceQuality "1"]
[WhiteTeam "Ingolstadt"]
[BlackTeam "Kriegshaber SK"]
[WhiteTeamCountry "GER"]
[BlackTeamCountry "GER"]

1. Nf3 d5 2. d4 Nf6 3. c4 e6 4. g3 Be7 5. Bg2 c6 6. 0-0 0-0 7. Nc3 Nbd7 8. Qd3 b6 9. cxd5 cxd5 10. Bf4 Bb7 11. Rac1 a6 12. a4 Ne4 13. Ne5 Nxe5 14. Bxe5 Nd6 15. b3 Rc8 16. Rc2 Qd7 17. Rfc1 Rfd8 18. h4 h6 19. h5 Qe8 20. g4 f5 21. Qg3 Qf7 22. f3 Qf8 23. Bh3 fxg4 24. Qxg4 Nf5 25. Qg6 Qf7 26. Nxd5 Qxg6+ 27. hxg6 Ba3 28. Rxc8 Bxc8 29. Rc7 exd5 30. Bxf5 Bxf5 31. Rxg7+ Kf8 32. Rf7+ Kg8 33. Rxf5 Bc1 34. Kf2 Rc8 35. Rf7 Rc3 36. Rg7+ Kf8 37. Rh7 Be3+ 38. Kg2 Kg8 39. Rh8# 1-0

[Event "Landesliga Sued 0304"]
[Site "Bayern"]
[Date "2003.11.23"]
[Round "3.2"]
[White "Shekhter, Dmitriy"]
[Black "Eckerl, Uwe"]
[Result "1/2-1/2"]
[WhiteElo "2099"]
[BlackElo "2182"]
[PlyCount "97"]
[EventDate "2003.10.12"]
[EventType "team-tourn"]
[EventRounds "9"]
[EventCountry "GER"]
[SourceTitle "EXT 2006"]
[Source "ChessBase"]
[SourceDate "2005.11.24"]
[SourceVersion "1"]
[SourceVersionDate "2005.11.24"]
[SourceQuality "1"]
[WhiteTeam "Kriegshaber"]
[BlackTeam "Waldkirch"]
[WhiteTeamCountry "GER"]
[BlackTeamCountry "GER"]

1. e4 d6 2. d4 Nf6 3. Nc3 g6 4. f4 Bg7 5. Nf3 0-0 6. Be3 c6 7. Qd2 b5 8. Bd3 Nbd7 9. 0-0-0 e5 10. h3 exd4 11. Nxd4 Bb7 12. Nce2 a6 13. Ng3 c5 14. Nf3 c4 15. Be2 Bxe4 16. Qxd6 Qa5 17. Kb1 Rfe8 18. Qd2 c3 19. Qxc3 Bxc2+ 20. Qxc2 Rxe3 21. Qc6 Rae8 22. Rxd7 Nxd7 23. Qxd7 Rd8 24. Qc6 Qb4 25. Qc1 Rc3 26. Qe1 Rdc8 27. Ne5 Qxf4 28. bxc3 Bxe5 29. Rf1 Qxg3 30. Qxg3 Bxg3 31. Rf3 Be5 32. Kc2 Rc5 33. Rd3 b4 34. Rd8+ Kg7 35. c4 Ra5 36. Kb1 Ra3 37. Rd3 Bc3 38. Bf3 Ra5 39. Rd5 Rxd5 40. Bxd5 f5 41. Kc2 Kf6 42. Kb3 Ke5 43. Bb7 a5 44. Ka4 Kd6 45. Kb5 Kc7 46. Bd5 h6 47. Bf7 g5 48. Bg6 f4 49. Bh5 1/2-1/2

[Event "Seefeld op 14th"]
[Site "Seefeld"]
[Date "2003.09.20"]
[Round "8"]
[White "Shekhter, Dmitriy"]
[Black "Scacco, Mauro"]
[Result "0-1"]
[WhiteElo "2200"]
[BlackElo "2090"]
[PlyCount "98"]
[EventDate "2003.09.13"]
[EventType "swiss"]
[EventRounds "9"]
[EventCountry "AUT"]
[SourceTitle "CBM 097 Extra"]
[Source "ChessBase"]
[SourceDate "2004.01.13"]
[SourceVersion "1"]
[SourceVersionDate "2004.01.13"]
[SourceQuality "1"]

1. e4 e5 2. Nf3 Nc6 3. Bb5 a6 4. Ba4 Nf6 5. 0-0 Be7 6. Re1 b5 7. Bb3 0-0 8. c3 d6 9. h3 h6 10. d4 Re8 11. Nbd2 Bf8 12. Bc2 Bb7 13. a4 Qd7 14. Bb1 Na7 15. Re3 c5 16. d5 Nh5 17. Nf1 Nf4 18. Ng3 Rab8 19. Nh2 g6 20. Rf3 Bg7 21. Bxf4 exf4 22. Rxf4 Bc8 23. Bc2 b4 24. Ng4 Qe7 25. Qd3 Bxg4 26. Rxg4 bxc3 27. bxc3 Qf6 28. Ne2 Nc8 29. Qxa6 Rb2 30. Qd3 c4 31. Qd1 h5 32. Rg3 Qd8 33. a5 Na7 34. Nd4 Qc7 35. Re3 Qc5 36. Re2 Reb8 37. a6 Qb6 38. Kh1 Ra8 39. Kg1 Nb5 40. Nxb5 Rxb5 41. Ra4 Rxa6 42. Rxc4 Qa7 43. Re1 Rb2 44. Rc8+ Bf8 45. Qd3 Raa2 46. Re2 Qb7 47. Rc6 Rxc2 48. Rxc2 Qb1+ 49. Kh2 Qxc2 0-1

[Event "Seefeld op 14th"]
[Site "Seefeld"]
[Date "2003.09.18"]
[Round "6"]
[White "Shekhter, Dmitriy"]
[Black "Kreusch, Frank"]
[Result "1-0"]
[WhiteElo "2200"]
[BlackElo "2059"]
[PlyCount "93"]
[EventDate "2003.09.13"]
[EventType "swiss"]
[EventRounds "9"]
[EventCountry "AUT"]
[SourceTitle "CBM 097 Extra"]
[Source "ChessBase"]
[SourceDate "2004.01.13"]
[SourceVersion "1"]
[SourceVersionDate "2004.01.13"]
[SourceQuality "1"]

1. e4 d5 2. exd5 Nf6 3. d4 Bg4 4. Be2 Bxe2 5. Qxe2 Qxd5 6. Nf3 Nc6 7. c4 Qe4 8. Nc3 Qxe2+ 9. Kxe2 e6 10. Rd1 0-0-0 11. Be3 a6 12. a3 h6 13. b4 Ng4 14. b5 axb5 15. cxb5 Na5 16. b6 Nxe3 17. fxe3 f6 18. bxc7 Kxc7 19. a4 Kd7 20. Rab1 Rc8 21. Kd3 Rc7 22. Nd2 Nc6 23. Nb5 Nb4+ 24. Ke2 Rc2 25. Rdc1 Rxc1 26. Rxc1 Nc6 27. e4 Bd6 28. Nxd6 Kxd6 29. Ke3 Ra8 30. Nc4+ Ke7 31. d5 exd5 32. exd5 Nd8 33. a5 Ra6 34. Kd4 Nf7 35. Rb1 Nd6 36. Nxd6 Kxd6 37. Rxb7 Rxa5 38. Rb6+ Ke7 39. Rb7+ Kd6 40. Rb6+ Ke7 41. Ke4 f5+ 42. Ke5 f4 43. Rb7+ Kf8 44. Ke6 Ra8 45. Rf7+ Ke8 46. Rxg7 Kf8 47. Rf7+ 1-0

[Event "Seefeld op 14th"]
[Site "Seefeld"]
[Date "2003.09.14"]
[Round "2"]
[White "Shekhter, Dmitriy"]
[Black "Sax, Gyula"]
[Result "0-1"]
[WhiteElo "2200"]
[BlackElo "2521"]
[PlyCount "74"]
[EventDate "2003.09.13"]
[EventType "swiss"]
[EventRounds "9"]
[EventCountry "AUT"]
[SourceTitle "CBM 097 Extra"]
[Source "ChessBase"]
[SourceDate "2004.01.13"]
[SourceVersion "1"]
[SourceVersionDate "2004.01.13"]
[SourceQuality "1"]

1. e4 c5 2. Nf3 e6 3. d4 cxd4 4. Nxd4 a6 5. Bd3 Bc5 6. Nb3 Be7 7. c4 d6 8. 0-0 b6 9. Nc3 Nf6 10. Be3 Bb7 11. f3 0-0 12. Qd2 Nbd7 13. Rac1 Rc8 14. Nd4 Qc7 15. Rfd1 Qb8 16. Bf1 Kh8 17. Kh1 Rg8 18. b3 Ba8 19. Nc2 Ne5 20. Bg5 Rgd8 21. Ne3 Ng6 22. Nc2 h6 23. Be3 d5 24. cxd5 exd5 25. Nxd5 Nxd5 26. exd5 Rxd5 27. Qf2 Rh5 28. g3 Ne5 29. Bg2 Rc3 30. Bf4 Nxf3 31. Qxf3 Bxf3 32. Bxb8 Bxd1 33. Be4 Rxc2 34. Bxc2 Bf3+ 35. Kg1 Bc5+ 36. Kf1 Rxh2 37. Ke1 Be3 0-1

[Event "Augsburg Afro op"]
[Site "Augsburg"]
[Date "2003.08.08"]
[Round "4"]
[White "Shekhter, Dmitriy"]
[Black "Billing, Christian"]
[Result "1-0"]
[WhiteElo "2200"]
[BlackElo "1829"]
[PlyCount "123"]
[EventDate "2003.08.06"]
[EventType "swiss"]
[EventRounds "7"]
[EventCountry "GER"]
[SourceTitle "EXT 2006"]
[Source "ChessBase"]
[SourceDate "2005.11.24"]
[SourceVersion "1"]
[SourceVersionDate "2005.11.24"]
[SourceQuality "1"]

1. e4 c5 2. Nf3 d6 3. d4 cxd4 4. Nxd4 Nf6 5. Nc3 a6 6. f3 g6 7. Be3 Bg7 8. Qd2 Nc6 9. 0-0-0 Bd7 10. Kb1 0-0 11. Nd5 Nxd5 12. exd5 Na7 13. h4 Nb5 14. h5 Qc7 15. hxg6 fxg6 16. g4 Be5 17. Be2 Rac8 18. Nxb5 Bxb5 19. Bxb5 axb5 20. f4 Bf6 21. Qh2 Rf7 22. Bc1 Qc4 23. Qd2 b4 24. Qd3 b5 25. f5 Ra8 26. Qb3 Qxb3 27. cxb3 Rff8 28. fxg6 hxg6 29. Bd2 Be5 30. Rdf1 Rxf1+ 31. Rxf1 Rf8 32. Rxf8+ Kxf8 33. Bxb4 Kf7 34. Bc3 Bf4 35. Kc2 e5 36. Kd3 Ke7 37. a4 Kd7 38. Ke4 Kc7 39. Ba5+ Kc8 40. Bb4 bxa4 41. bxa4 Kc7 42. Bc3 Bh6 43. b4 Bg7 44. a5 Kb7 45. b5 Bf6 46. Bb4 Be7 47. Kd3 Ka8 48. Bd2 Bd8 49. Kc4 Kb7 50. Kb4 Bh4 51. Be3 Be1+ 52. Ka4 Bg3 53. a6+ Ka8 54. b6 Bf4 55. Bf2 e4 56. Kb5 e3 57. Be1 e2 58. Kc6 Be3 59. Kc7 g5 60. b7+ Ka7 61. b8Q+ Kxa6 62. Qb7# 1-0

[Event "Bodensee-Cup 9th"]
[Site "Pfullendorf"]
[Date "2003.05.03"]
[Round "2.11"]
[White "Shekhter, Dmitriy"]
[Black "Zenklusen, Rico"]
[Result "0-1"]
[WhiteElo "2206"]
[BlackElo "2279"]
[PlyCount "70"]
[EventDate "2003.05.02"]
[EventType "team-tourn"]
[EventRounds "3"]
[EventCountry "GER"]
[SourceTitle "CBM 094 Extra"]
[Source "ChessBase"]
[SourceDate "2003.07.09"]
[SourceVersion "2"]
[SourceVersionDate "2003.07.09"]
[SourceQuality "1"]

1. e4 c6 2. d4 d5 3. Nc3 dxe4 4. Nxe4 Nd7 5. Nf3 Ngf6 6. Ng3 c5 7. c3 cxd4 8. Nxd4 g6 9. Bc4 Nb6 10. Bb5+ Bd7 11. 0-0 Bg7 12. Qe2 0-0 13. Bxd7 Nfxd7 14. Bg5 Re8 15. Rad1 h6 16. Bc1 a6 17. Qg4 e6 18. Rfe1 Qe7 19. Qh3 Qf8 20. Ne4 f5 21. Ng3 Kf7 22. Re2 Rad8 23. Rde1 Nc5 24. b4 Nd3 25. Nxe6 Rxe6 26. Rxe6 Nxe1 27. Rxe1 Bxc3 28. Bxh6 Qxb4 29. Bg5 Rh8 30. Be7 Rxh3 31. Bxb4 Bxe1 32. Bxe1 Rh4 33. Bd2 Ra4 34. Be3 Nd5 35. h4 f4 0-1

[Event "Oberliga Bayern 0203"]
[Site "Bayern"]
[Date "2003.01.26"]
[Round "5.3"]
[White "Pitschka, Claus"]
[Black "Shekhter, Dmitriy"]
[Result "1/2-1/2"]
[WhiteElo "2244"]
[BlackElo "2133"]
[PlyCount "84"]
[EventDate "2002.10.20"]
[EventType "team"]
[EventRounds "9"]
[EventCountry "GER"]
[SourceTitle "EXT 2004"]
[Source "ChessBase"]
[SourceDate "2003.11.25"]
[SourceVersion "1"]
[SourceVersionDate "2003.11.25"]
[SourceQuality "1"]
[WhiteTeam "Muenchen Schwabing"]
[BlackTeam "Kriegshaber"]
[WhiteTeamCountry "GER"]
[BlackTeamCountry "GER"]

1. d4 d5 2. Nf3 e6 3. Bf4 Nf6 4. e3 Be7 5. Nbd2 0-0 6. Bd3 c5 7. c3 Nc6 8. h3 Qb6 9. Rb1 Bd7 10. 0-0 Rfd8 11. Qe2 a6 12. Bg5 h6 13. Bh4 Ne8 14. Bxe7 Nxe7 15. Ne5 Nd6 16. Nxd7 Rxd7 17. dxc5 Qxc5 18. e4 Rad8 19. Rbd1 Ng6 20. exd5 Nf4 21. Qf3 Nxd5 22. Ne4 Nxe4 23. Bxe4 Qb6 24. b3 Nf6 25. Bb1 Rd2 26. c4 Qc7 27. Rxd2 Rxd2 28. Rd1 Qd7 29. Bc2 Qd4 30. Rxd2 Qxd2 31. Qd1 Qa5 32. b4 Qxb4 33. Qd8+ Qf8 34. Qc7 b5 35. c5 Nd5 36. Qb7 g6 37. c6 Qc5 38. Bb3 Qc1+ 39. Kh2 Qf4+ 40. Kg1 Qc1+ 41. Kh2 Qf4+ 42. Kg1 Qc1+ 1/2-1/2

[Event "Oberliga Bayern 0203"]
[Site "Bayern"]
[Date "2003.01.12"]
[Round "4.3"]
[White "Shekhter, Dmitriy"]
[Black "Schmitz, Thorsten"]
[Result "0-1"]
[WhiteElo "2122"]
[BlackElo "2267"]
[PlyCount "82"]
[EventDate "2002.10.20"]
[EventType "team"]
[EventRounds "9"]
[EventCountry "GER"]
[SourceTitle "EXT 2004"]
[Source "ChessBase"]
[SourceDate "2003.11.25"]
[SourceVersion "1"]
[SourceVersionDate "2003.11.25"]
[SourceQuality "1"]
[WhiteTeam "Kriegshaber"]
[BlackTeam "Pasing"]
[WhiteTeamCountry "GER"]
[BlackTeamCountry "GER"]

1. e4 c5 2. Nf3 d6 3. d4 cxd4 4. Nxd4 Nf6 5. Nc3 g6 6. Be3 Bg7 7. f3 0-0 8. Bc4 Nc6 9. Qd2 Bd7 10. 0-0-0 Qa5 11. Bb3 Rfc8 12. Kb1 Ne5 13. g4 b5 14. Nd5 Qxd2 15. Rxd2 Nxd5 16. Bxd5 Rab8 17. Bg5 Kf8 18. h4 a5 19. a3 b4 20. axb4 Rxb4 21. h5 Rxd4 22. Rxd4 Nxf3 23. Bxe7+ Kxe7 24. Rd3 Ne5 25. Ra3 a4 26. hxg6 hxg6 27. g5 Nc4 28. Rg3 Be5 29. Rg2 Ne3 30. Re2 Nxd5 31. exd5 Bg4 32. Rf2 Rb8 33. Rh7 Bf5 34. Rxf5 gxf5 35. g6 Rf8 36. c4 Kf6 37. gxf7 Rxf7 38. Rh6+ Kg5 39. Re6 f4 40. c5 f3 41. cxd6 Bxd6 0-1

[Event "Oberliga Bayern 0203"]
[Site "Bayern"]
[Date "2002.11.17"]
[Round "2.4"]
[White "Herb, Stefan"]
[Black "Shekhter, Dmitriy"]
[Result "0-1"]
[WhiteElo "2062"]
[BlackElo "2122"]
[PlyCount "71"]
[EventDate "2002.10.20"]
[EventType "team"]
[EventRounds "9"]
[EventCountry "GER"]
[SourceTitle "EXT 2004"]
[Source "ChessBase"]
[SourceDate "2003.11.25"]
[SourceVersion "1"]
[SourceVersionDate "2003.11.25"]
[SourceQuality "1"]
[WhiteTeam "Haunstetten"]
[BlackTeam "Kriegshaber"]
[WhiteTeamCountry "GER"]
[BlackTeamCountry "GER"]

1. d4 d5 2. c4 e6 3. Nf3 Nf6 4. g3 Be7 5. Bg2 c6 6. 0-0 0-0 7. Qc2 b6 8. Nbd2 Bb7 9. b3 Nbd7 10. Bb2 Rc8 11. Rac1 c5 12. e3 dxc4 13. bxc4 Qc7 14. Qb1 Qb8 15. Ne5 Rfd8 16. Bxb7 Qxb7 17. Nxd7 Rxd7 18. f3 cxd4 19. exd4 Rdc7 20. a3 Rd7 21. Nb3 h5 22. Qd3 e5 23. d5 b5 24. Bxe5 bxc4 25. Rxc4 Rxc4 26. Qxc4 Nxd5 27. Bd4 Nb6 28. Qc1 Qd5 29. Qc3 Na4 30. Qe3 Rb7 31. Nd2 Nc5 32. Rc1 Ne6 33. Be5 Bc5 34. Rxc5 Qxc5 35. Qxc5 Nxc5 36. Bd4 0-1

[Event "Landesliga Sued 0102"]
[Site "Bayern"]
[Date "2001.11.25"]
[Round "3.7"]
[White "Shekhter, Dmitriy"]
[Black "Lux, Werner"]
[Result "1-0"]
[WhiteElo "2010"]
[BlackElo "1920"]
[PlyCount "99"]
[EventDate "2001.10.07"]
[EventType "team-tourn"]
[EventRounds "9"]
[EventCountry "GER"]
[SourceTitle "EXT 2003"]
[Source "ChessBase"]
[SourceDate "2002.11.25"]
[SourceVersion "1"]
[SourceVersionDate "2002.11.25"]
[SourceQuality "1"]
[WhiteTeam "Kriegshaber"]
[BlackTeam "Tuerkheim/Bad Woerishofen"]
[WhiteTeamCountry "GER"]
[BlackTeamCountry "GER"]

1. e4 g6 2. d4 Bg7 3. Nc3 d6 4. f4 c6 5. Nf3 Qc7 6. Bc4 Bg4 7. Bxf7+ Kf8 8. Bb3 Bxf3 9. gxf3 b5 10. Ne2 e5 11. fxe5 dxe5 12. f4 exd4 13. Nxd4 Qe7 14. Ne6+ Ke8 15. Nxg7+ Qxg7 16. Be3 Qe7 17. Qd4 Nf6 18. 0-0-0 Nbd7 19. Qd6 c5 20. Be6 Qxd6 21. Rxd6 Ke7 22. e5 Ne4 23. Rxd7+ Kxe6 24. Rc7 Kf5 25. Rd1 Kg4 26. e6 Kf3 27. Bxc5 Nxc5 28. Rxc5 Kxf4 29. Rxb5 Rae8 30. Re1 Re7 31. Rf1+ Kg4 32. Rf7 Rxe6 33. Rxa7 Kh3 34. a4 h5 35. a5 h4 36. Rg7 Rd8 37. b4 Kxh2 38. Rb6 Rdd6 39. Rxd6 Rxd6 40. b5 Rd5 41. c4 Rc5 42. a6 Rxc4+ 43. Kd2 h3 44. b6 Rb4 45. a7 Ra4 46. b7 Ra2+ 47. Kc3 Kg1 48. b8Q Rg2 49. a8Q Kh1 50. Rxg6 1-0

[Event "Landesliga Sued 0001"]
[Site "Bayern"]
[Date "2001.02.18"]
[Round "6"]
[White "Shekhter, Dmitriy"]
[Black "Haas, Peter"]
[Result "0-1"]
[WhiteElo "1865"]
[BlackElo "1862"]
[PlyCount "56"]
[EventDate "2000.10.15"]
[EventType "team-tourn"]
[EventRounds "9"]
[EventCountry "GER"]
[SourceTitle "EXT 2020"]
[Source "ChessBase"]
[SourceDate "2019.10.17"]
[SourceVersion "1"]
[SourceVersionDate "2019.10.17"]
[SourceQuality "1"]
[WhiteTeam "Kriegshaber SK"]
[BlackTeam "Sendling SC"]
[WhiteTeamCountry "GER"]
[BlackTeamCountry "GER"]

1. e4 Nc6 2. Nf3 e5 3. Bb5 a6 4. Ba4 d6 5. c3 Bd7 6. 0-0 Nge7 7. Bb3 Ng6 8. d4 Be7 9. h3 h6 10. Re1 Bg5 11. Be3 Bxe3 12. Rxe3 Nf4 13. dxe5 dxe5 14. Ne1 Qe7 15. Nd3 g5 16. Bd5 h5 17. Na3 g4 18. Kh2 gxh3 19. gxh3 Qh4 20. Nxf4 exf4 21. Rf3 Ne5 22. Nc4 Nxf3+ 23. Qxf3 Bg4 24. Bxf7+ Kxf7 25. Qxf4+ Kg8 26. Ne5 Rh7 27. Qd2 Qxh3+ 28. Kg1 Rg7 0-1